| 000 | 00902njm a2200301 c 4500 | ||
|---|---|---|---|
| 003 | BLK | ||
| 005 | 20180421002252.0 | ||
| 008 | 180410b bul||n||s|||||||| n|bulo| | ||
| 010 | _aCDD00000497000 | ||
| 040 | _aBLK | ||
| 041 |
_aDEU _cDEU |
||
| 080 |
_aСалонни и танцови оркестри. Естраден оркестър. Джаз. Рок _b785.161 _x _z785.161 |
||
| 700 | 1 |
_aKaiser, Esther _eизп. _9353672 |
|
| 139 |
_aKaiser, Esther _bK 16 |
||
| 245 | 1 | 0 |
_aJazz Poems [CD аудио] _cизп. Esther Kaiser. |
| 257 | _aDEU | ||
| 260 |
_аKoln _bDouble Moon Rec. _c2003 |
||
| 300 |
_c12 cm. _fбр. в к-т _g1 CD |
||
| 306 | _a55мин. 17сек. | ||
| 380 | _a7 | ||
| 650 | 4 |
_aДжаз _9153283 |
|
| 653 | _aджаз | ||
| 852 |
_aЦб CD 1953 _p0 |
||
| 856 | 4 |
_qpdf _u |
|
| 856 | 4 |
_qpdf _u |
|
| 942 |
_cCDD _n0 |
||
| 944 |
_aCR _c23.10.2008 _kТеодора_Стоянова |
||
| 944 |
_aED _c23.10.2008 _k |
||
| 999 |
_c216579 _d216579 |
||